Culture Générale - Clic Quiz - La réponse est en emoji par IA #7 - Statistiques

Statistiques générales
  • Ce quiz a été pris 390 fois
  • Le résultat moyen est 22 sur 40
Statistiques - réponses
Hint Réponse % Correct
Gad Elmaleh
96%
Didier Deschamps
95%
George Clooney
92%
Hugo Lloris
91%
Olivier Giroud
88%
Benjamin Pavard
84%
William Shakespeare
83%
Jeff Bezos
80%
Matt Damon
80%
Adrien Rabiot
77%
Marilyn Manson
77%
Pablo Picasso
73%
Fernand de Magellan
69%
Marc Aurèle
69%
Buzz Aldrin
69%
Confucius
60%
Honoré de Balzac
57%
Jeremy Renner
54%
Stephen King
52%
Carlos Santana
50%
Viktor Orban
49%
Abdelaziz Bouteflika
48%
Spike Lee
45%
Simon Baker
44%
Marcel Marceau
44%
Marcel Proust
44%
Thomas Sankara
40%
Chris Martin
40%
Olaf Scholz
39%
Tony Soprano
38%
Luke Perry
38%
Warren Buffett
35%
Matthew Bellamy
30%
Jeremy Clarkson
27%
Evander Holyfield
27%
Ridley Scott
26%
Thom Yorke
25%
Stanley Kubrick
25%
Anthony Kiedis
23%
Emir Kusturica
19%
Aucun quiz correspondant
Distribution des résultats
% des personnes avec chaque résultat
Percentile par nombre de réponses
Votre historique - résultats
Vous n’avez pas pris ce quiz